TLE - Conservation legislation - Statistics

General Stats
  • This quiz has been taken 9 times
    5 since last reset
  • The average score is 0 of 76
Answer Stats
Hint Answer % Correct
VU mature adults 10,000
0%
CR habitat size 100km2
0%
VU number of habitats ≤10 habitats
0%
IUCN year 1948
0%
CR number of habitats 1 habitat
0%
VU habitat size 20,000km2
0%
CR mature adults 250
0%
EN mature adults 2500
0%
% of species under Appendix 1 3
0%
EN habitat size 5000km2
0%
EN number of habitats ≤5 habitats
0%
Number of ITTO members, % trade covered 76, 90
0%
Number of red list categories 9
0%
Permitted whaling Aboriginal subsistence
0%
Appendix 1 example African elephant
0%
______ _____ elephants ____ ____, ______ ____, and keeps ____ ____ open African forest, clear paths, disperse seeds, water holes
0%
Species protected under WCA Bats
0%
Species protected under WCA Birds
0%
Endemic example +country Bonobo, DRC
0%
CITES Convention on International Trade in Endangered Species
0%
IUCN roles (6 words) Coordinating global data on biodiversity conservation
0%
CR Critically endangered
0%
IUCN (7 words) Deploying nature based solutions to global challenges
0%
EU CFP regulations Discarding
0%
Bat controls Disturbance
0%
EN Endangered
0%
Nature 2000 overarching legislation EU birds and habitats directives
0%
EU CFP EU Common Fisheries Policy
0%
EDGE species Evolutionarily Distinct Globally Endangered
0%
EU CFP aims to ensure that ______ and __________ is _________ Fishing, aquaculture, sustainable
0%
EU CFP regulations Fishing efforts
0%
Flagship example Giant panda
0%
IUCN roles (8 words) Global authority on the status of world ecosystems
0%
VU population decline >40%
0%
EN population decline >60%
0%
CR population decline >80%
0%
Flagship species High public profile
0%
Keystone species Important ecological function
0%
IUCN roles (4 words) Increasing understanding of biodiversity
0%
Endemic species Indigenous
0%
ITTO International Tropical Timber Organisation
0%
IUCN International Union for Conservation of Nature
0%
IWC International Whaling Comission
0%
Endemic example +country Kiwi, NZ
0%
Species protected under WCA Mammals
0%
CITES Appendix 2 May become threatened with extinction
0%
EU CFP regulations Net mesh size
0%
Bat controls Non-toxic woodworm treatments
0%
Endemic species Not found anywhere else
0%
Uniqueness is calculated by ______ __ and ______ ___ ______ on an _________ ___ number of, distance from, relatives, evolutionary tree
0%
CITES extra bit Of wild fauna and flora
0%
Flagship example Polar bear
0%
Type of legislation Protection
0%
IWC regulations Protection of mothers and calves
0%
EDGE example Purple frog
0%
IWC regulations Quotas
0%
EU CFP regulations Quotas
0%
EDGE example Red panda
0%
IWC aims to _______ ______ and _______ ____ Regulate whaling, conserve stocks
0%
Type of legislation Regulation of sustainable exploitation
0%
Nature 2000 network includes (2) SACs, SPAs
0%
Permitted whaling Scientific
0%
Endemic example Scottish Wildcat,
0%
___ ____ eat ___ _____, protecting ___ _____ Sea otters, sea urchins, kelp forests
0%
EU CFP regulations Size limits
0%
Appendix 1 example Snow leopard
0%
ITTO aims to encourage _________ ___________, balancing _________ with _______ _____ sustainable management, conservation, economic viability
0%
CITES Appendix 1 Threatened with extinction
0%
Appendix 1 example Tiger
0%
IWC regulations Total protection
0%
Type of legislation Trade controls
0%
EU CFP regulations Trawling
0%
Banned activity under WCA Uprooting plants
0%
VU Vulnerable
0%
IWC regulations Whale sanctuaries
0%
UK wildlife legislation +year Wildlife and Countryside Act, 1981
0%
No matching quizzes found
Score Distribution
Percent of People with Each Score
Percentile by Number Answered
Your Score History
You have not taken this quiz since the last reset